00714nam a22002051 45000010005000000030008000050050017000130080039000300350018000690400036000870410008001230820024001312450146001552600031003013000052003325040030003846500022004147000032004367100040004688209BD-RjUL20211208234537.014 s1964 nyuac b 001 0 eng a(BD-RjUL)8254 aDLC/ICUcICUdDLCdBD-RjULbeng aeng00a530.1216bENE 196410aEnergy does matter /cby scientists of the Westinghouse Research Laboratories: Werner Emmerich [and others] Sharon Banigan, executive editor. aNew York :bWalker,cc1964 axv, 250 p. :billus., ports., diagrs. ;c24 cm. aBibliography: p. 239-240. 0aForce and energy.1 aEmmerich, Werner...[et al].2 aWestinghouse Research Laboratories.